ARRUPE JESUIT UNIVERSITY

CORONAVIRUS -STOP THE SPREAD - CLEAN,DISINFECT,COVER

The church and war (Record no. 36710)

MARC details
000 -LEADER
fixed length control field 00437nam a2200169Ia 4500
003 - CONTROL NUMBER IDENTIFIER
control field 0100
005 - DATE AND TIME OF LATEST TRANSACTION
control field 20220505072850.0
008 - FIXED-LENGTH DATA ELEMENTS--GENERAL INFORMATION
fixed length control field 220505b |||||||| |||| 00| 0 eng d
040 ## - CATALOGING SOURCE
Transcribing agency dublicate
050 ## - LIBRARY OF CONGRESS CALL NUMBER
Classification number BR115.W2O35
300 ## - PHYSICAL DESCRIPTION
Dimensions 15cm.
100 ## - MAIN ENTRY--PERSONAL NAME
Personal name O'Gara, James
9 (RLIN) 51406
245 #4 - TITLE STATEMENT
Title The church and war
260 ## - PUBLICATION, DISTRIBUTION, ETC. (IMPRINT)
Place of publication, distribution, etc Washington ,D. C.
Name of publisher, distributor, etc Massachusetts
Date of publication, distribution, etc 1967
300 ## - PHYSICAL DESCRIPTION
Extent vii,63p. ;
700 ## - ADDED ENTRY--PERSONAL NAME
Personal name James, O'Gara
9 (RLIN) 51407
942 ## - ADDED ENTRY ELEMENTS (KOHA)
Source of classification or shelving scheme Library of Congress Classification
Koha item type Monograph ( Printed materials)
Holdings
Withdrawn status Lost status Source of classification or shelving scheme Damaged status Not for loan Collection code Home library Current library Shelving location Date acquired Total Checkouts Full call number Barcode Date last seen Copy number Price effective from Koha item type Date checked out
    Library of Congress Classification     Main Collection ARRUPE LIBRARY ARRUPE LIBRARY   04/03/2013   BR115.W2O35 46003018908 05/05/2022 1 04/03/2013 Monograph ( Printed materials)  
    Library of Congress Classification       ARRUPE LIBRARY ARRUPE LIBRARY   05/05/2022 1 BR115.W2O35 46003039352 03/06/2022   05/05/2022 Monograph ( Printed materials) 05/05/2022

 

Arrupe Library. PO Box MP320 Mt Pleasant, Harare, Zimbabwe
263 242 745411|librarian@aju.ac.zw